<?xml version="1.0" encoding="UTF-8"?><?xml-stylesheet type="text/xsl" href="static/style.xsl"?><OAI-PMH xmlns="http://www.openarchives.org/OAI/2.0/" xmlns:xsi="http://www.w3.org/2001/XMLSchema-instance" xsi:schemaLocation="http://www.openarchives.org/OAI/2.0/ http://www.openarchives.org/OAI/2.0/OAI-PMH.xsd"><responseDate>2026-04-29T05:37:38Z</responseDate><request verb="GetRecord" identifier="oai:repisalud.isciii.es:20.500.12105/23605" metadataPrefix="marc">https://repisalud.isciii.es/rest/oai/request</request><GetRecord><record><header><identifier>oai:repisalud.isciii.es:20.500.12105/23605</identifier><datestamp>2024-11-28T18:26:14Z</datestamp><setSpec>com_20.500.12105_15322</setSpec><setSpec>com_20.500.12105_2051</setSpec><setSpec>col_20.500.12105_16962</setSpec><setSpec>col_20.500.12105_16967</setSpec></header><metadata><record xmlns="http://www.loc.gov/MARC21/slim" xmlns:dcterms="http://purl.org/dc/terms/" xmlns:doc="http://www.lyncode.com/xoai" xmlns:xsi="http://www.w3.org/2001/XMLSchema-instance" xsi:schemaLocation="http://www.loc.gov/MARC21/slim http://www.loc.gov/standards/marcxml/schema/MARC21slim.xsd">
   <leader>00925njm 22002777a 4500</leader>
   <datafield ind2=" " ind1=" " tag="042">
      <subfield code="a">dc</subfield>
   </datafield>
   <datafield ind2=" " ind1=" " tag="720">
      <subfield code="a">Lladó Maura, Yolanda</subfield>
      <subfield code="e">author</subfield>
   </datafield>
   <datafield ind2=" " ind1=" " tag="720">
      <subfield code="a">Berga Figuerola, Magdalena Lucía</subfield>
      <subfield code="e">author</subfield>
   </datafield>
   <datafield ind2=" " ind1=" " tag="720">
      <subfield code="a">Rodríguez Moreno, M José</subfield>
      <subfield code="e">author</subfield>
   </datafield>
   <datafield ind2=" " ind1=" " tag="720">
      <subfield code="a">Lluch Garvi, Verónica</subfield>
      <subfield code="e">author</subfield>
   </datafield>
   <datafield ind2=" " ind1=" " tag="720">
      <subfield code="a">Soler Felsner, Elisabet E</subfield>
      <subfield code="e">author</subfield>
   </datafield>
   <datafield ind2=" " ind1=" " tag="720">
      <subfield code="a">Rodríguez, Adrián</subfield>
      <subfield code="e">author</subfield>
   </datafield>
   <datafield ind2=" " ind1=" " tag="720">
      <subfield code="a">Almendral, Alexander</subfield>
      <subfield code="e">author</subfield>
   </datafield>
   <datafield ind2=" " ind1=" " tag="720">
      <subfield code="a">Limón, Enric</subfield>
      <subfield code="e">author</subfield>
   </datafield>
   <datafield ind2=" " ind1=" " tag="720">
      <subfield code="a">Fusté, Ester</subfield>
      <subfield code="e">author</subfield>
   </datafield>
   <datafield ind2=" " ind1=" " tag="260">
      <subfield code="c">2023-02-25</subfield>
   </datafield>
   <datafield ind2=" " ind1=" " tag="520">
      <subfield code="a">Background: Venous catheterization for diagnostic and therapeutic purposes is part of routine hospital practice, as approximately 70% of hospitalized patients have a peripheral venous catheter (PVC). This practice, however, can lead to both local complications, (e.g., chemical, mechanical and infectious phlebitis) and systemic complications (e.g., PVC-related bloodstream infections [PVC-BSIs]). Surveillance data and activities are central to preventing nosocomial infections, phlebitis and improving patient care and safety. The aim of this study was to evaluate the impact of a care bundle on reducing PVC-BSI rates and phlebitis at a secondary care hospital in Mallorca, Spain. Methods: Three-phase intervention study targeting hospitalized patients with a PVC. The VINCat criteria were used to define PVC-BSIs and calculate incidence. In phase I (August-December 2015), we retrospectively analyzed baseline PVC-BSI rates at our hospital. In phase II (2016-2017), we conducted safety rounds and developed a care bundle with the goal of reducing PVC-BSI rates. In phase III (2018), we expanded the PVC-BSI bundle to prevent phlebitis and analyzed its impact. Results: The incidence of PVC-BSIs decreased from 0.48 episodes per 1000 patient-days in 2015 to 0.17 episodes per 1000 patient-days in 2018. The 2017 safety rounds also detected a reduction in phlebitis (from 4.6% of 2.6%). Overall, 680 healthcare professionals were trained in catheter care and five safety rounds were conducted to assess bedside care. Conclusion: Implementation of a care bundle significantly reduced PVC-BSI rates and phlebitis at our hospital. Continuous surveillance programs are needed to adapt measures to improve patient care and guarantee safety.</subfield>
   </datafield>
   <datafield ind1="8" ind2=" " tag="024">
      <subfield code="a">Lladó Maura Y, Berga Figuerola ML, Rodríguez Moreno MJ, Lluch Garvi V, Soler Felsner EE, Rodríguez-Rodríguez A, et al. Care bundle for the prevention of peripheral venous catheter blood stream infections at a secondary care university hospital: Implementation and results. Infect Dis Heal. 2023 Feb.</subfield>
   </datafield>
   <datafield ind1="8" ind2=" " tag="024">
      <subfield code="a">https://hdl.handle.net/20.500.13003/18912</subfield>
   </datafield>
   <datafield ind1="8" ind2=" " tag="024">
      <subfield code="a">https://hdl.handle.net/20.500.12105/23605</subfield>
   </datafield>
   <datafield ind1="8" ind2=" " tag="024">
      <subfield code="a">36849285</subfield>
   </datafield>
   <datafield ind1="8" ind2=" " tag="024">
      <subfield code="a">10.1016/j.idh.2023.02.001</subfield>
   </datafield>
   <datafield ind1="8" ind2=" " tag="024">
      <subfield code="a">2468-0869</subfield>
   </datafield>
   <datafield ind1="8" ind2=" " tag="024">
      <subfield code="a">Infection, disease &amp; health</subfield>
   </datafield>
   <datafield ind1="8" ind2=" " tag="024">
      <subfield code="a">L2023025834</subfield>
   </datafield>
   <datafield ind2="0" ind1="0" tag="245">
      <subfield code="a">Care bundle for the prevention of peripheral venous catheter blood stream infections at a secondary care university hospital: Implementation and results</subfield>
   </datafield>
</record></metadata></record></GetRecord></OAI-PMH>